<?xml version="1.0" encoding="UTF-8"?><?xml-stylesheet type="text/xsl" href="static/style.xsl"?><OAI-PMH xmlns="http://www.openarchives.org/OAI/2.0/" xmlns:xsi="http://www.w3.org/2001/XMLSchema-instance" xsi:schemaLocation="http://www.openarchives.org/OAI/2.0/ http://www.openarchives.org/OAI/2.0/OAI-PMH.xsd"><responseDate>2026-07-02T07:08:40Z</responseDate><request verb="GetRecord" identifier="oai:repisalud.isciii.es:20.500.12105/27564" metadataPrefix="marc">https://repisalud.isciii.es/rest/oai/request</request><GetRecord><record><header><identifier>oai:repisalud.isciii.es:20.500.12105/27564</identifier><datestamp>2026-06-25T00:15:35Z</datestamp><setSpec>com_20.500.12105_2052</setSpec><setSpec>com_20.500.12105_2051</setSpec><setSpec>col_20.500.12105_19616</setSpec></header><metadata><record xmlns="http://www.loc.gov/MARC21/slim" xmlns:dcterms="http://purl.org/dc/terms/" xmlns:doc="http://www.lyncode.com/xoai" xmlns:xsi="http://www.w3.org/2001/XMLSchema-instance" xsi:schemaLocation="http://www.loc.gov/MARC21/slim http://www.loc.gov/standards/marcxml/schema/MARC21slim.xsd">
   <leader>00925njm 22002777a 4500</leader>
   <datafield ind2=" " ind1=" " tag="042">
      <subfield code="a">dc</subfield>
   </datafield>
   <datafield ind2=" " ind1=" " tag="720">
      <subfield code="a">Casas-Tinto, Sergio</subfield>
      <subfield code="e">author</subfield>
   </datafield>
   <datafield ind2=" " ind1=" " tag="260">
      <subfield code="c">2026-06-23</subfield>
   </datafield>
   <datafield ind2=" " ind1=" " tag="520">
      <subfield code="a">El proyecto SENFRA-2, se enmarca en una iniciativa colaborativa y multidisciplinar de cinco grupos del ISCIII orientada a investigar el papel de Sur8/Shoc2 como un nuevo regulador molecular implicado en los procesos de envejecimiento y fragilidad. A partir de evidencias preliminares que identifican a Sur8 como un factor clave en la regulación de la vía Ras/MAPK, altamente conservada evolutivamente, el proyecto combina aproximaciones experimentales en modelos como Drosophila melanogaster, C. elegans, modelos murinos modificados genéticamente y sistemas celulares ex vivo, junto con análisis integrativos de datos multi-ómicos (transcriptómica, microRNA, proteómica, fosfoproteómica y oxidación proteica). Su objetivo es caracterizar los mecanismos biológicos asociados a la alteración de Sur8 y generar conocimiento fundamental sobre los procesos de envejecimiento, estrés oxidativo y fragilidad, identificando posibles biomarcadores candidatos y dianas terapéuticas. En este contexto, el proyecto SENFRA-2 se centra en el uso de Drosophila como modelo experimental ya que permite estudiar de manera eficiente estos procesos debido a la alta conservación genética y la posibilidad de realizar análisis funcionales y de cribado de compuestos en tiempos reducidos. El proyecto presenta una elevada relevancia científica, sanitaria y social, dado que el envejecimiento y la fragilidad constituyen un desafío creciente para los sistemas de salud, asociados a un aumento de la morbilidad, la dependencia y los costes socioeconómicos. La identificación de mecanismos moleculares comunes y la integración de datos multi-ómicos entre especies contribuirán al avance del conocimiento en biología del envejecimiento y podrían, a medio-largo plazo, facilitar el desarrollo de estrategias de diagnóstico temprano, medicina personalizada e intervenciones preventivas. El presente Plan de Gestión de Datos establece los procedimientos relativos al almacenamiento, acceso, preservación, reutilización y protección de los datos generados durante el desarrollo del subproyecto, garantizando su adecuación a los principios FAIR (localizables, accesibles, interoperables y reutilizables) y el cumplimiento de las políticas institucionales del Instituto de Salud Carlos III.</subfield>
   </datafield>
   <datafield ind1="8" ind2=" " tag="024">
      <subfield code="a">Casas-Tintó, Sergio; 2026; "Sur8/Shoc2 como nuevo actor en envejecimiento y fragilidad (SENFRA-2). Data Management Plan V1.0. [DMP]"; Instituto de Salud Carlos III. Instituto de Investigación en Enfermedades Raras. https://hdl.handle.net/20.500.12105/27564.</subfield>
   </datafield>
   <datafield ind1="8" ind2=" " tag="024">
      <subfield code="a">https://hdl.handle.net/20.500.12105/27564</subfield>
   </datafield>
   <datafield tag="653" ind2=" " ind1=" ">
      <subfield code="a">Sur8</subfield>
   </datafield>
   <datafield tag="653" ind2=" " ind1=" ">
      <subfield code="a">Shoc2</subfield>
   </datafield>
   <datafield tag="653" ind2=" " ind1=" ">
      <subfield code="a">Envejecimiento</subfield>
   </datafield>
   <datafield tag="653" ind2=" " ind1=" ">
      <subfield code="a">Fragilidad</subfield>
   </datafield>
   <datafield ind2="0" ind1="0" tag="245">
      <subfield code="a">Sur8/Shoc2 como nuevo actor en envejecimiento y fragilidad (SENFRA-2). Data Management Plan V1.0.</subfield>
   </datafield>
</record></metadata></record></GetRecord></OAI-PMH>